Who Said It? The Office (US) Quiz Stats

Quiz Updated May 15, 2016

Challenge
Share
Tweet
Score 0/16 Timer 04:00
36 Plays Today
% Correct
''All you need is love.
False. The four basic
human necessities
are air, water, food,
and shelter.''
-Dwight
94.2%
''As a gay man, I'm horrified.
As a friend of Angela's,
horrified. As a lover of elegant
weddings, I'm a little excited.''
-Oscar
93.8%
''I do play games. I sing
and I dangle things in front
of my cats. I play lots of
games. Just not at work.''
-Angela
91.2%
''I realized that,
for whatever reason,
I just couldn't do
better than Kelly.''
-Ryan
90.5%
''In five years, I'd like to
be five years sober.''
-Meredith
89.7%
''I had to put more
and more nickels
into his handset
until he got used
to the weight.''
-Jim
89.6%
''I run a small fake ID
company from my car
with a laminating machine
that I swiped from the
sheriff's office.''
-Creed
86.6%
''Just tell him
to call me
as ASAP as
possible.''
-Michael
86.6%
% Correct
''Every Halloween,
I tell him the same
thing: You can't
bring weapons
into the office.''
-Toby
82%
''In high
school, my
nickname
was Kool-
Aid Man.''
-Kevin
80.8%
''Well, I'm setting
Michael up with my
fat friend anyway.
He can just deal with it.''
-Phyllis
78.3%
''Every little boy
fantasizes about his
fairytale wedding.''
-Andy
77.8%
''The Dundies are like a car
wreck that you want to look
away, but you have to stare
at it because your boss is
making you.''
-Pam
76.3%
''I don't talk trash; I talk smack. They're totally different''
-Kelly
72.9%
''I do not apologize
unless I think I'm
wrong, and if you don't
like it, you can leave.''
-Stanley
66.5%
''I got my whole life to
be a minority executive.
Only have about a year
left in these knees, though.''
-Darryl
66.5%

You're not logged in!

Compare scores with friends on all Sporcle quizzes.
Join for Free
OR
Log In

You Might Also Like...

Show Comments

Extras

Top Quizzes Today


Score Distribution

Your Account Isn't Verified!

In order to create a playlist on Sporcle, you need to verify the email address you used during registration. Go to your Sporcle Settings to finish the process.

Report this User

Report this user for behavior that violates our Community Guidelines.

Details: